La Relación estado-sociedad civil en el marco de la globalización /

Gespeichert in:
Bibliographische Detailangaben
1. Verfasser: Sojo Obando, Carlos
Format: Text
Schlagworte:
Tags: Tag hinzufügen
Keine Tags, Fügen Sie den ersten Tag hinzu!

MARC

LEADER 00000 a a2200000 04500
001 4186
003
040
090 |a REV0229 (114) 2000  
100 |a Sojo Obando, Carlos  
245 |a La Relación estado-sociedad civil en el marco de la globalización /  |c Carlos Sojo Obando 
650 |a ESTADO  
650 |a SOCIEDAD CIVIL  
650 |a LIBERALIZACION DEL INTERCAMBIO  
650 |a GLOBALIZACION  
773 |g número 114; páginas 11-18  
999 |c 21682  |d 21682